Locations visited by BQPU - Statistics

General Stats
  • This quiz has been taken 6 times
  • The average score is 9 of 12
Answer Stats
Trip number Location % Correct
6 Budapest
100%
2 Nottingham
100%
8 Stockholm
100%
7 Bognor Regis
75%
5 Bucharest
75%
4 Cologne
75%
11 Hamburg
75%
10 Norfolk Broads
75%
9 Sofia
75%
3 Warsaw
75%
12 Chelmsford
50%
1 Kaunus
50%
No matching quizzes found
Score Distribution
Percent of People with Each Score
Percentile by Number Answered
Your Score History
You have not taken this quiz